| 000 | 00369nam a22001577a 4500 | ||
|---|---|---|---|
| 003 | SGT | ||
| 020 | _a9780323758673 | ||
| 082 |
_a617.3 _bC21A |
||
| 100 | _aAZAR, FREDERICS M. | ||
| 245 | _aCAMPBELL'S OPERATIVE ORTHOPAEDICS VOL-1 | ||
| 250 | _a14TH | ||
| 260 |
_aPHILADELPHIA _bELSEVIERS PUB _c2021 |
||
| 300 | _a1078 | ||
| 650 | _aORTHOPAEDICS | ||
| 942 |
_2ddc _cBK |
||
| 999 |
_c21996 _d21996 |
||